Top 10 Fattest Presidents - Statistics

General Stats
  • This quiz has been taken 2,027 times
  • The average score is 5 of 10
Answer Stats
Body Mass Index Name % Correct
30.0 Donald Trump
90%
42.3 William Howard Taft
80%
30.2 Theodore Roosevelt
70%
34.6 Grover Cleveland
57%
27.2 John Quincy Adams
50%
27.7 Herbert Hoover
44%
28.7 Chester Arthur
41%
28.3 William Clinton
39%
31.1 William McKinley
39%
30.2 Zachary Taylor
28%
No matching quizzes found
Score Distribution
Percent of People with Each Score
Percentile by Number Answered
Your Score History
You have not taken this quiz